Statystyki dla Zgadnij państwo A-Z

Kliknij tutaj aby rozwiązać quiz!

Ogólne statystyki

  • Ten quiz został rozwiązany 315 razy
  • Średni wynik to 17 z 23

Statystyki odpowiedzi

KontynentLiteraPodpowiedźLudnośćOdpowiedź% Poprawnych
EuropaBPaństwo graniczące z Polską, była republika ZSRR10 mil.Białoruś
95%
EuropaDPaństwo z którego pochodzi znany film "Gang Olsena" (Skandynawia)5,6 mil.Dania
92%
EuropaGPosiada ponad 10 tys. wysp na Morzu Śródziemnym (licząc wystające głazy)10 mil.Grecja
87%
EuropaHZnane z kanałów, rowerów i tulipanów18 mil.Holandia
87%
EuropaŁPaństwo na literę Ł2 mil.Łotwa
87%
AzjaJZ tego kraju pochodzi anime i sushi126 mil.Japonia
86%
Ameryka PłdCGórzyste państwo znane z produkcji win19 mil.Chile
82%
Europa/AzjaRZmienił nazwę na początku lat 90 z ZSRR144 mil.Rosja
82%
EuropaPPolska przegrała w ćwierćfinale z tym krajem podczas Euro 201610,2 mil.Portugalia
81%
AzjaOGraniczy z Jemenem , Arabią Saudyjską i ZEA5 mil.Oman
80%
EuropaLZnajduję się tam Parlament Europejski, graniczy z 3 państwami600 tys.Luksemburg
76%
Europa/AzjaTTo państwo próbuje usilnie dostać się do UE, posiada również miasto położone na dwóch kontynentach82 mil.Turcja
75%
EuropaUZnajduję się tam Doniecka Republika Ludowa42 mil.Ukraina
75%
EuropaWBazylika św. Piotra, Stolica Apostolska1 tys.Watykan
73%
OceaniaFZnane z eksportu soli oraz wakacji (stolica Suva)800 tys.Fidżi
72%
Ameryka Płn.S46 prezydentów rządziło tym państwem m.in. Thomas Jefferson330 mil.Stany Zjednoczone
72%
AzjaNPaństwo w którym znajdują się Mont Everest30 mil.Nepal
71%
AfrykaEDrugie najmłodsze państwo Afryki, oddzieliło się od Etiopii w 1993 roku3,2 mil.Erytrea
67%
AzjaIJedyno z niewielu państw na Bliskim Wschodzie innego wyznania niż islam8,8 mil.Izrael
65%
AzjaAGraniczy z Morzem Kaspijskim10 mil.Azerbejdżan
64%
AfrykaZŚródlądowe państwo Afryce, było niegdyś komunistyczne, stolica Harare15 mil.Zimbabwe
63%
AzjaKJedno z niewielu państw w którym rzekomo nie odnotowano żadnego przypadku koronawirusa25,5 mil.Korea Północna
57%
AfrykaMMonarchia w Afryce (są tylko trzy)34 mil.Maroko
53%

Rozkład punktacji

Percentyl według liczby udzielonych odpowiedzi

Procent ludzi z każdym wynikiem

Twoja historia wyników

Nie rozwiązałeś tego quizu